| 000 | 00743nam a2200253Ia 4500 | ||
|---|---|---|---|
| 003 | OSt | ||
| 005 | 20220924115453.0 | ||
| 006 | a|||||r|||| 00| 0 | ||
| 007 | ta | ||
| 008 | 220923b |||||||| |||| 00| 0 san d | ||
| 020 | _a8121701228 (hbk) | ||
| 024 | _a158055 | ||
| 037 | _cTextual | ||
| 040 |
_aARTS _cARTS _bsan |
||
| 041 |
_2san _asan |
||
| 082 | _aR625x3.1, 152N7 | ||
| 100 |
_aUdayana _9178368 |
||
| 245 | 0 | _aNyaya kusumanjali comm by Haridasa Bhattacharaya; translated into Hindi by Srinarayana Mishra | |
| 260 |
_aDelhi _bBhartiya Vidya Prakashan _c1997 |
||
| 300 |
_a266p. _ccm. |
||
| 650 |
_aNYAYA PHILOSOPHY _910608 |
||
| 942 |
_hR625x3.1, 152N7 _cTEXL _2CC |
||
| 999 |
_c398451 _d398451 |
||